Multiple Choice City Quiz - Genoa - Statistics

General Stats
  • This quiz has been taken 424 times
  • The average score is 7 of 10
Answer Stats
Question Answer % Correct
What famous explorer was born in Genoa? Christopher Colombus
86%
What event did the city host in 2001, leading to violent anti-globalization protests? G8 summit
84%
Who was Niccolò Paganini? A violinist
79%
What political system was in place in Genoa from the 11th to 18th century? Maritime republic
77%
What makes the football club Genoa CFC special? It is the first Italian club founded
72%
What is the name of the city in Italian? Genova
68%
What Italian region is Genoa located in? Liguria
66%
What sauce, often served with pasta, is a specialty of Genoa? Pesto
58%
Which of these islands was NEVER settled by Genoa? Fuerteventura
50%
The city's nickname is "La Superba". What does it mean? The Proud
28%
No matching quizzes found
Score Distribution
Percent of People with Each Score
Percentile by Number Answered
Your Score History
You have not taken this quiz